[Event "Russian Championship B13 1st league 2016"]
[Site "Loo"]
[Date "2016.04.24"]
[Round "5.64"]
[White "Tukaev, Timur"]
[Black "Savintsev, Vladimir V"]
[Result "1-0"]
[WhiteElo "1276"]
[BlackElo "1559"]
[PlyCount "113"]
[EventDate "2016.04.20"]

1. e4 e6 2. d4 d5 3. e5 c5 4. c3 Nc6 5. Nf3 Qb6 6. Be2 cxd4 7. cxd4 Bb4+ 8. Nc3
Nge7 9. a3 Bxc3+ 10. bxc3 Bd7 11. a4 Na5 12. Ba3 Qb3 13. Qd2 h6 14. O-O Nc4 15.
Bxc4 Qxc4 16. Rab1 b6 17. a5 Qa6 18. Ra1 b5 19. Bc5 Qb7 20. a6 Qc7 21. Nh4 Bc8
22. f4 Nf5 23. Nxf5 exf5 24. Qd3 Qc6 25. Rfe1 Be6 26. Reb1 Bd7 27. Ra5 Qc7 28.
Ra2 Qc6 29. Re2 Qe6 30. Bd6 Rc8 31. Reb2 Rc4 32. h3 Bc6 33. Rxb5 Bxb5 34. Rxb5
Rc8 35. Rb7 Ra8 36. Re7+ Qxe7 37. Bxe7 Kxe7 38. Qxf5 Rhc8 39. Qb1 Ke6 40. f5+
Ke7 41. Qb7+ Kf8 42. Qxd5 Rab8 43. Kh2 Kg8 44. c4 Rd8 45. Qe4 Rb6 46. c5 Rb4
47. e6 fxe6 48. Qxe6+ Kh8 49. d5 Rb5 50. d6 Rxc5 51. d7 Rf8 52. Qe7 Rcxf5 53.
d8=Q Rxd8 54. Qxd8+ Kh7 55. Qd3 g6 56. Qd7+ Kg8 57. Qxa7 1-0

[Event "Russian Championship B13 1st league 2016"]
[Site "Loo"]
[Date "2016.04.24"]
[Round "5.66"]
[White "Kulagin, Timofey"]
[Black "Sarkisian, Artem"]
[Result "1-0"]
[WhiteElo "1531"]
[BlackElo "1220"]
[PlyCount "59"]
[EventDate "2016.04.20"]

1. e4 d5 2. exd5 Qxd5 3. Nc3 Qa5 4. d4 Nf6 5. Bd2 c6 6. Bc4 Bg4 7. f3 Bh5 8.
Nh3 e6 9. Ne4 Qd8 10. Nxf6+ Qxf6 11. Bg5 Qf5 12. Qd2 Bxf3 13. gxf3 Qxh3 14.
O-O-O h6 15. Bf4 Nd7 16. Rde1 O-O-O 17. Bd3 Qh4 18. Re4 Qe7 19. Qa5 Nf6 20.
Ree1 Rxd4 21. Be5 Rd5 22. Qxa7 Qc5 23. Qb8+ Kd7 24. Qxb7+ Ke8 25. Bc3 Rd7 26.
Qc8+ Rd8 27. Rxe6+ fxe6 28. Qxe6+ Be7 29. Bg6+ Kf8 30. Qf7# 1-0

[Event "Russian Championship B13 1st league 2016"]
[Site "Loo"]
[Date "2016.04.24"]
[Round "5.74"]
[White "Piatkin, Arsenii"]
[Black "Konotop, Timofey"]
[Result "1/2-1/2"]
[WhiteElo "1417"]
[BlackElo "1524"]
[PlyCount "59"]
[EventDate "2016.04.20"]

1. e4 e5 2. Nf3 Nc6 3. d4 exd4 4. Nxd4 Bc5 5. Be3 Qf6 6. c3 Bb6 7. Qd2 d6 8.
Be2 Be6 9. Na3 Nge7 10. Nc4 Bxc4 11. Bxc4 h6 12. Bb3 a6 13. Ba4 O-O 14. Nxc6
Nxc6 15. Bxb6 cxb6 16. O-O Rfe8 17. f3 Qe5 18. Qd5 Rac8 19. Qxe5 dxe5 20. Rad1
Red8 21. Kf2 f6 22. Ke3 Kf7 23. Rfe1 Ke7 24. Bxc6 bxc6 25. Rf1 Ke6 26. Rfe1 Ke7
27. Rf1 Ke6 28. Rfe1 Ke7 29. Rf1 Ke6 30. Rfe1 1/2-1/2

[Event "Russian Championship B13 2016"]
[Site "Loo"]
[Date "2016.04.24"]
[Round "5.1"]
[White "Skatchkov, Valery"]
[Black "Gaydym, Arseniy"]
[Result "1-0"]
[WhiteElo "2170"]
[BlackElo "1959"]
[PlyCount "67"]
[EventDate "2016.04.20"]

1. d4 d5 2. c4 c6 3. Nc3 Nf6 4. e3 a6 5. Bd3 Bg4 6. Qb3 Ra7 7. Nge2 e6 8. Ng3
Bd6 9. h3 Bh5 10. Nxh5 Nxh5 11. Qd1 Nf6 12. O-O Nbd7 13. e4 dxe4 14. Nxe4 Nxe4
15. Bxe4 Nf6 16. Bc2 O-O 17. Qd3 h6 18. b3 Re8 19. Bb2 Bc7 20. Rfe1 Qd6 21. g3
Raa8 22. Re3 g6 23. Rae1 Rad8 24. d5 Qe7 25. Rxe6 fxe6 26. Rxe6 Qh7 27. Rxf6
Rd6 28. Rxd6 Bxd6 29. dxc6 Bb8 30. c5 bxc6 31. b4 Be5 32. Bxe5 Rxe5 33. Qd8+
Kf7 34. Bb3+ 1-0

[Event "Russian Championship B13 2016"]
[Site "Loo"]
[Date "2016.04.24"]
[Round "5.2"]
[White "Tsybikov, Tumen"]
[Black "Pogosyan, Stefan"]
[Result "0-1"]
[WhiteElo "1977"]
[BlackElo "2082"]
[PlyCount "92"]
[EventDate "2016.04.20"]

1. e4 e5 2. Nf3 Nc6 3. Nc3 Nf6 4. Bb5 Bb4 5. d3 d6 6. O-O O-O 7. Ne2 Ne7 8. c3
Ba5 9. Ng3 c6 10. Ba4 Bc7 11. Bc2 d5 12. d4 dxe4 13. Nxe4 Nxe4 14. Bxe4 f5 15.
Bc2 e4 16. Ng5 Nd5 17. f4 h6 18. Nh3 Be6 19. Qe2 Qd7 20. Be3 b5 21. g3 a5 22.
Nf2 Qf7 23. Bd2 Nb6 24. b3 a4 25. g4 Rae8 26. Rae1 axb3 27. axb3 Re7 28. Nxe4
fxe4 29. Qxe4 Rfe8 30. Qh7+ Kf8 31. Bg6 Qg8 32. Qxg8+ Bxg8 33. Bxe8 Kxe8 34.
Rxe7+ Kxe7 35. Re1+ Kd7 36. Rb1 Nd5 37. Rf1 Nf6 38. g5 Ne4 39. Be3 Bxb3 40.
gxh6 gxh6 41. f5 h5 42. f6 Bf7 43. Bf4 Bxf4 44. Rxf4 Nxc3 45. Rf5 Ne2+ 46. Kf2
Nxd4 0-1

[Event "Russian Championship B13 2016"]
[Site "Loo"]
[Date "2016.04.24"]
[Round "5.3"]
[White "Tarasov, Danila"]
[Black "Shumilov, Demyan"]
[Result "0-1"]
[WhiteElo "1868"]
[BlackElo "1897"]
[PlyCount "112"]
[EventDate "2016.04.20"]

1. e4 e6 2. d4 d5 3. Nc3 dxe4 4. Nxe4 Bd7 5. Bg5 Be7 6. Bxe7 Qxe7 7. c3 Bc6 8.
Ng3 Nf6 9. Nf3 Nbd7 10. Bd3 h5 11. h4 O-O-O 12. Qe2 Bxf3 13. Qxf3 c5 14. O-O-O
cxd4 15. cxd4 Kb8 16. Kb1 Nb6 17. Rhe1 Qb4 18. Ne2 Rc8 19. Qg3+ Ka8 20. Rc1 g6
21. Rxc8+ Rxc8 22. Rc1 Rxc1+ 23. Nxc1 Qxd4 24. Qc7 Qd7 25. Qe5 Nbd5 26. Bc4 Qc7
27. Qxc7 Nxc7 28. f3 Nd7 29. Nd3 b5 30. Bb3 Kb7 31. Kc1 a5 32. a3 Kc6 33. Kd2
Nd5 34. Nf2 Nc5 35. Bc2 Kd6 36. Ne4+ Nxe4+ 37. fxe4 Nb6 38. b3 Nd7 39. Kd3 Kc5
40. Kc3 b4+ 41. axb4+ axb4+ 42. Kd3 Ne5+ 43. Ke3 Ng4+ 44. Kd3 f6 45. g3 e5 46.
Bb1 f5 47. Bc2 Nf2+ 48. Ke3 Nxe4 49. Bxe4 fxe4 50. Kxe4 Kd6 51. Ke3 Kd5 52. Kf3
Kd4 53. g4 Kd3 54. gxh5 gxh5 55. Kf2 e4 56. Ke1 Ke3 0-1

[Event "Russian Championship B13 2016"]
[Site "Loo"]
[Date "2016.04.24"]
[Round "5.4"]
[White "Mochalin, Faddey"]
[Black "Tsvetkov, Andrey"]
[Result "0-1"]
[WhiteElo "1866"]
[BlackElo "2036"]
[PlyCount "80"]
[EventDate "2016.04.20"]

1. e4 c5 2. Nf3 d6 3. d4 cxd4 4. Nxd4 Nf6 5. Nc3 a6 6. Be3 e5 7. Nb3 Be6 8. f3
Nbd7 9. Nd5 Nxd5 10. exd5 Bf5 11. Bd3 Bxd3 12. Qxd3 Be7 13. Nd2 Rc8 14. O-O O-O
15. a4 f5 16. Bf2 Bh4 17. g3 Bg5 18. Kg2 Qc7 19. c4 Nc5 20. Bxc5 Qxc5 21. b3
Qb4 22. f4 exf4 23. gxf4 Bf6 24. Rae1 Bc3 25. Re2 Bxd2 26. Rxd2 b5 27. axb5
axb5 28. cxb5 Rc3 29. Qe2 Rxb3 30. Qe6+ Kh8 31. Rc2 g6 32. Qe7 Kg8 33. b6 Rf7
34. Qe8+ Kg7 35. Qe6 Qxb6 36. Rc6 Rb2+ 37. Kg3 Rb3+ 38. Kg2 Qd4 39. Rxd6 Re3
40. Qc8 Re2+ 0-1

[Event "Russian Championship B13 2016"]
[Site "Loo"]
[Date "2016.04.24"]
[Round "5.5"]
[White "Golovin, Nikita A"]
[Black "Makarian, Rudik"]
[Result "1/2-1/2"]
[WhiteElo "1853"]
[BlackElo "2016"]
[PlyCount "98"]
[EventDate "2016.04.20"]

1. d4 Nf6 2. Nf3 d6 3. g3 Nbd7 4. Bg2 e5 5. dxe5 dxe5 6. Nc3 Bc5 7. O-O O-O 8.
Nd2 c6 9. Nce4 Be7 10. Nc4 Nxe4 11. Bxe4 Qc7 12. Bd2 Nf6 13. Bg2 Be6 14. Ne3
Rad8 15. Qc1 Rd7 16. c4 Rfd8 17. Bc3 b5 18. Qe1 Bc5 19. Rc1 bxc4 20. Ba5 Bb6
21. Nxc4 Bxc4 22. Bxb6 Qxb6 23. Rxc4 Qxb2 24. Rxc6 Qxa2 25. Bh3 Rd6 26. Rxd6
Rxd6 27. Qc3 Qd5 28. Qc7 Qd4 29. Rb1 h5 30. Rb8+ Kh7 31. Bf5+ Kh6 32. Qxf7 Qd1+
33. Kg2 Qd5+ 34. Qxd5 Nxd5 35. Ra8 Ra6 36. h4 g6 37. Bd3 Ra4 38. Re8 e4 39. Bb5
Rb4 40. Bc6 Nf6 41. Re6 Kg7 42. Re7+ Kf8 43. Rxa7 Rb2 44. Ra4 Rxe2 45. Kf1 Rc2
46. Bxe4 Nxe4 47. Rxe4 Kf7 48. Re5 Kf6 49. Ra5 Rb2 1/2-1/2

[Event "Russian Championship B13 2016"]
[Site "Loo"]
[Date "2016.04.24"]
[Round "5.6"]
[White "Erokhin, Artem"]
[Black "Stukan, Martin"]
[Result "0-1"]
[WhiteElo "1655"]
[BlackElo "1956"]
[PlyCount "80"]
[EventDate "2016.04.20"]

1. e4 e5 2. Nf3 Nc6 3. Bb5 a6 4. Ba4 Nf6 5. d4 Nxd4 6. Nxd4 exd4 7. O-O b5 8.
Bb3 Bb7 9. e5 Ne4 10. a3 d5 11. e6 fxe6 12. Qh5+ Kd7 13. f4 g6 14. Qg4 Bc5 15.
Re1 Qf6 16. a4 b4 17. h3 h5 18. Qf3 a5 19. Qd3 Ba6 20. Qf3 Raf8 21. Nd2 Qh4 22.
Rxe4 dxe4 23. Qxe4 d3+ 24. Kh1 Qf6 25. Nf3 Bd6 26. Nd4 Bb7 27. Bxe6+ Kd8 28.
Bd5 Re8 29. Ne6+ Rxe6 30. Qxe6 Qxe6 31. Bxe6 Re8 32. Bf7 Re1+ 33. Kh2 Rxc1 34.
Rxc1 Bxf4+ 35. g3 Bxc1 36. cxd3 Bxb2 37. Bxg6 Be5 38. Bxh5 b3 39. Bd1 b2 40.
Bc2 Bc6 0-1

[Event "Russian Championship B13 2016"]
[Site "Loo"]
[Date "2016.04.24"]
[Round "5.7"]
[White "Shihaliev, Leonard"]
[Black "Kirillov, Dmitry"]
[Result "1-0"]
[WhiteElo "1815"]
[BlackElo "1930"]
[PlyCount "85"]
[EventDate "2016.04.20"]

1. e4 c5 2. Nf3 e6 3. d4 cxd4 4. Nxd4 Nf6 5. Nc3 d6 6. g4 h6 7. Be2 Nc6 8. Be3
Be7 9. f3 Nd7 10. Bf2 Bh4 11. Bg3 Nc5 12. Ndb5 O-O 13. Qxd6 Bxg3+ 14. hxg3 Qb6
15. Qc7 f5 16. Qxb6 axb6 17. Nc7 Ra7 18. N3b5 Ra5 19. exf5 exf5 20. Bc4+ Kh7
21. c3 Ne5 22. b4 Ra4 23. Bd5 Ncd3+ 24. Ke2 Bd7 25. f4 Bxb5 26. Nxb5 Nxg4 27.
Kxd3 Nf2+ 28. Kc2 Nxh1 29. Rxh1 Rd8 30. Rd1 Raa8 31. a3 Rab8 32. c4 Kg6 33. Nc7
Kf6 34. Re1 g6 35. Re6+ Kg7 36. Rxb6 Rd7 37. Ne6+ Kh8 38. Nc5 Re7 39. Rxb7 Re2+
40. Kd3 Rbe8 41. Nd7 R8e3+ 42. Kd4 Rxa3 43. Rb8+ 1-0

[Event "Russian Championship B13 2016"]
[Site "Loo"]
[Date "2016.04.24"]
[Round "5.8"]
[White "Kazmin, Semen"]
[Black "Breskanu, Nikita"]
[Result "1-0"]
[WhiteElo "1942"]
[BlackElo "1810"]
[PlyCount "121"]
[EventDate "2016.04.20"]

1. e4 c5 2. Nf3 Nc6 3. d4 cxd4 4. Nxd4 e5 5. Nb5 d6 6. N1c3 a6 7. Na3 b5 8. Nd5
Nce7 9. c4 Nxd5 10. exd5 bxc4 11. Nxc4 Nf6 12. Be3 Rb8 13. Be2 Be7 14. O-O O-O
15. a4 Ne8 16. Qd2 f5 17. f3 h6 18. a5 Bg5 19. Bxg5 hxg5 20. Rac1 f4 21. Nb6
Bf5 22. Bd3 g6 23. Rc6 Nf6 24. Rfc1 g4 25. fxg4 Nxg4 26. Bxf5 gxf5 27. Rc7 Qh4
28. h3 f3 29. gxf3 Qg3+ 30. Qg2 Qxg2+ 31. Kxg2 Ne3+ 32. Kf2 f4 33. Rg1+ Kh8 34.
Rgg7 Nf5 35. Rh7+ Kg8 36. b4 Rbe8 37. Nc4 Rc8 38. Nb6 Rxc7 39. Rxc7 Ne3 40. b5
axb5 41. a6 Nc4 42. Nxc4 bxc4 43. a7 c3 44. Rxc3 Kf7 45. Rc7+ Kf6 46. Rd7 e4
47. fxe4 Ke5 48. Kf3 Re8 49. h4 Rh8 50. h5 Rg8 51. Re7+ Kf6 52. Rb7 Rg3+ 53.
Kxf4 Ra3 54. h6 Kg6 55. h7 Ra2 56. h8=R Ra3 57. a8=Q Rxa8 58. Rxa8 Kf6 59. Rh8
Kg6 60. Rc7 Kf6 61. Rh6# 1-0

[Event "Russian Championship B13 2016"]
[Site "Loo"]
[Date "2016.04.24"]
[Round "5.9"]
[White "Kataev, Aleksandr"]
[Black "Ismagilov, Damir"]
[Result "1/2-1/2"]
[WhiteElo "1800"]
[BlackElo "1929"]
[PlyCount "177"]
[EventDate "2016.04.20"]

1. d4 d5 2. c4 dxc4 3. Nc3 e5 4. e3 exd4 5. exd4 Nf6 6. Bxc4 Be7 7. Nf3 O-O 8.
h3 Nbd7 9. O-O Nb6 10. Bb3 Nbd5 11. Bg5 c6 12. Re1 Be6 13. Ne5 h6 14. Bh4 Rc8
15. Qe2 Nf4 16. Qd2 N4d5 17. Ng6 fxg6 18. Rxe6 Kh7 19. Nxd5 Nxd5 20. Bxe7 Nxe7
21. Qd3 Nf5 22. Bc2 Qd7 23. Rae1 Rce8 24. R6e5 Rd8 25. R1e4 Rf6 26. Rf4 Rd6 27.
g4 Rxd4 28. Rxd4 Qxd4 29. gxf5 Qxd3 30. Bxd3 Rxd3 31. fxg6+ Kxg6 32. Re7 Rd5
33. Rxb7 Rb5 34. Rxb5 cxb5 35. Kg2 Kf5 36. Kg3 Ke4 37. Kg4 b4 38. f4 g6 39. a4
b3 40. a5 Kd3 41. h4 Kc2 42. h5 gxh5+ 43. Kxh5 Kxb2 44. f5 Ka2 45. f6 b2 46. f7
b1=Q 47. f8=Q Qh1+ 48. Kg6 Qc6+ 49. Kh5 Qb5+ 50. Kxh6 Qxa5 51. Qf2+ Kb3 52.
Qe3+ Ka4 53. Qd4+ Kb5 54. Kg5 Qb6 55. Qd7+ Ka5 56. Kf4 a6 57. Qd5+ Qb5 58. Qd8+
Ka4 59. Ke3 a5 60. Kd2 Ka3 61. Kc1 Qc4+ 62. Kd2 a4 63. Qd6+ Ka2 64. Qg6 Qb4+
65. Ke3 Qc3+ 66. Ke2 a3 67. Kd1 Ka1 68. Qc2 Qd4+ 69. Ke2 Qe5+ 70. Kd2 Qb2 71.
Kd1 Qd4+ 72. Ke2 Qe5+ 73. Kd2 Qd5+ 74. Ke2 Qe5+ 75. Kd2 Qh2+ 76. Kd1 Qg1+ 77.
Kd2 Qf2+ 78. Kd1 Qg1+ 79. Kd2 Qg5+ 80. Kd1 Qd5+ 81. Ke2 Qd4 82. Qc1+ Ka2 83.
Qc2+ Qb2 84. Kd1 Ka1 85. Qc1+ Ka2 86. Qc2 Ka1 87. Qc1+ Qxc1+ 88. Kxc1 a2 89.
Kc2 1/2-1/2

[Event "Russian Championship B13 2016"]
[Site "Loo"]
[Date "2016.04.24"]
[Round "5.10"]
[White "Ter-Saakian, Grigorii"]
[Black "Zhakamukhov, Eduard"]
[Result "1-0"]
[WhiteElo "1921"]
[BlackElo "1794"]
[PlyCount "113"]
[EventDate "2016.04.20"]

1. d4 Nf6 2. c4 g6 3. Nc3 Bg7 4. e4 d6 5. Nf3 O-O 6. Be2 e5 7. d5 Nbd7 8. Bg5
h6 9. Bh4 a5 10. Nd2 b6 11. O-O g5 12. Bg3 Re8 13. a3 Nf8 14. b4 Ng6 15. Re1
Kh7 16. Nb3 Nd7 17. f3 Nf4 18. Bf1 Nf6 19. Bf2 g4 20. g3 Ng6 21. Bg2 h5 22. c5
Bd7 23. fxg4 Bxg4 24. Bf3 Rh8 25. h4 axb4 26. axb4 Rxa1 27. Nxa1 bxc5 28. bxc5
Qb8 29. cxd6 cxd6 30. Bxg4 Nxg4 31. Qb3 Nxf2 32. Kxf2 Rc8 33. Qxb8 Rxb8 34. Rb1
Rxb1 35. Nxb1 Ne7 36. Nb3 f5 37. Kf3 fxe4+ 38. Kxe4 Kg6 39. Nc3 Ng8 40. Nd2
Nf6+ 41. Kf3 Bf8 42. Nde4 Nxe4 43. Kxe4 Kf6 44. Na4 Be7 45. Nb6 Kg6 46. Nc8 Bf8
47. Na7 Kf7 48. Nc6 Be7 49. Nxe7 Kxe7 50. Kf5 Kf7 51. Kg5 Kg7 52. Kxh5 Kf6 53.
g4 e4 54. g5+ Ke5 55. g6 e3 56. g7 e2 57. g8=Q 1-0

[Event "Russian Championship B13 2016"]
[Site "Loo"]
[Date "2016.04.24"]
[Round "5.11"]
[White "Pshmahov, Osman"]
[Black "Yarosh, Ruslan"]
[Result "1-0"]
[WhiteElo "1878"]
[BlackElo "1791"]
[PlyCount "99"]
[EventDate "2016.04.20"]

1. e4 c5 2. Nf3 d6 3. d4 cxd4 4. Nxd4 Nf6 5. Nc3 a6 6. Bg5 e6 7. f4 Nbd7 8. Qf3
Qc7 9. O-O-O b5 10. g4 Bb7 11. Bxf6 gxf6 12. g5 b4 13. Nd5 exd5 14. exd5 O-O-O
15. Bh3 Kb8 16. Bxd7 Qxd7 17. gxf6 Rc8 18. Rhf1 h5 19. Kb1 Bh6 20. Rde1 Rhe8
21. Qxh5 Bxf4 22. Nf5 Rh8 23. Qg4 Be5 24. h4 Qa4 25. b3 Qb5 26. Ne7 Qc5 27.
Nxc8 Rxc8 28. Qc4 Qa5 29. Qd3 Bc3 30. Qd1 Rc5 31. Re8+ Ka7 32. Rf5 Bxd5 33.
Re7+ Bb7 34. Rxc5 Qxc5 35. Rxf7 Bd4 36. Qf3 d5 37. Re7 Bc3 38. Qf1 Bd4 39. c4
dxc4 40. Qf3 Qb6 41. f7 Qg6+ 42. Kc1 Qg1+ 43. Kc2 Qg6+ 44. Kd1 Qb1+ 45. Ke2
Qd3+ 46. Qxd3 cxd3+ 47. Kxd3 Bg7 48. Re8 Bc6 49. f8=Q Bb5+ 50. Kc2 1-0

[Event "Russian Championship B13 2016"]
[Site "Loo"]
[Date "2016.04.24"]
[Round "5.12"]
[White "Tsyrendashiev, Bato"]
[Black "Babakekhyan, Artem"]
[Result "0-1"]
[WhiteElo "1687"]
[BlackElo "1846"]
[PlyCount "74"]
[EventDate "2016.04.20"]

1. e4 c5 2. Nf3 d6 3. d4 cxd4 4. Nxd4 Nf6 5. Nc3 g6 6. Be3 Bg7 7. f3 O-O 8. Qd2
Nc6 9. Bc4 Bd7 10. O-O-O Rc8 11. Bb3 Ne5 12. Kb1 Nc4 13. Bxc4 Rxc4 14. g4 Qc7
15. g5 Nh5 16. Nd5 Qd8 17. Ne2 f5 18. Nf6+ Nxf6 19. gxf6 Rxf6 20. Bg5 Rf7 21.
Qxd6 Rxc2 22. Qxd7 Rxb2+ 23. Kc1 Qb6 24. Qd8+ Rf8 25. Qxb6 Rc8+ 26. Nc3 Rxb6
27. Bxe7 Rxc3+ 28. Kd2 Rb2+ 29. Ke1 Re3+ 30. Kf1 Rxf3+ 31. Kg1 Rc3 32. Bg5 h6
33. Bc1 Rxa2 34. e5 Rcc2 35. e6 Bd4+ 36. Kf1 Rf2+ 37. Ke1 Rae2# 0-1

[Event "Russian Championship B13 2016"]
[Site "Loo"]
[Date "2016.04.24"]
[Round "5.13"]
[White "Belkov, Nikolay"]
[Black "Tsoi, Dmitry"]
[Result "0-1"]
[WhiteElo "1779"]
[BlackElo "2127"]
[PlyCount "232"]
[EventDate "2016.04.20"]

1. d4 d5 2. c4 e6 3. Nc3 Be7 4. cxd5 exd5 5. Bf4 c6 6. e3 Bf5 7. g4 Bg6 8. h4
h6 9. h5 Bh7 10. Bd3 Bxd3 11. Qxd3 Nf6 12. f3 Qb6 13. O-O-O Na6 14. Nge2 Bb4
15. Qf5 Nd7 16. Rhg1 Nc7 17. g5 hxg5 18. Bxc7 Qxc7 19. Rxg5 Qh2 20. Rdg1 Be7
21. Rxg7 Qxh5 22. Rg8+ Bf8 23. R1g5 Qh3 24. Qf4 Rxg8 25. Rxg8 Qh7 26. Qg5 f6
27. Qg1 O-O-O 28. Kd2 Bd6 29. Rg7 Qh5 30. Qg4 Qxg4 31. Rxg4 Rh8 32. e4 dxe4 33.
fxe4 Kd8 34. Nf4 Ke8 35. Nce2 a5 36. Rg7 Bf8 37. Rg3 Kf7 38. Kd3 a4 39. Ng6 Rh2
40. Nxf8 Kxf8 41. Rf3 Ke7 42. b3 Nb6 43. Rg3 Kf7 44. Rg1 Rh5 45. Rb1 Rh3+ 46.
Kd2 Ke7 47. Nc3 Kd8 48. Rf1 Rh2+ 49. Kc1 Ke7 50. Rg1 Kf7 51. Rf1 Ke7 52. Rg1
Kf7 53. Rf1 Ke7 54. Rg1 Rh3 55. Kd2 Rh2+ 56. Ne2 Kf7 57. Rf1 Rh3 58. Nc3 Kg6
59. Rg1+ Kf7 60. Rf1 Ke7 61. Rg1 Rh7 62. Rb1 Rh2+ 63. Ne2 Rh3 64. Nc3 axb3 65.
axb3 Nd7 66. Na4 Kd6 67. b4 Rh2+ 68. Kd3 Rh3+ 69. Ke2 b6 70. Kd2 Rh2+ 71. Kd3
Rh3+ 72. Kd2 Rf3 73. Ke2 Rg3 74. Kd2 Ke7 75. Nc3 Kd6 76. Ne2 Rf3 77. Ng1 Rg3
78. Ne2 Rg4 79. Ke3 Rg2 80. Rc1 Rh2 81. Ng3 Rb2 82. Nf5+ Kc7 83. Ne7 Nb8 84. d5
c5 85. bxc5 bxc5 86. Ng8 Nd7 87. Rf1 Rb3+ 88. Kd2 Rb6 89. Kd3 Rb8 90. Ne7 Kd6
91. Nc6 Rb3+ 92. Kc4 Re3 93. Rf4 Nb6+ 94. Kb5 Rb3+ 95. Ka6 Nd7 96. Rf1 c4 97.
Nd4 Rd3 98. Nc2 Rc3 99. Nb4 Ke5 100. Re1 Nc5+ 101. Kb5 Nd3 102. Nxd3+ cxd3 103.
Rd1 Kxe4 104. d6 Rc8 105. d7 Rd8 106. Kc6 f5 107. Kc7 Rf8 108. Re1+ Kf3 109.
Rf1+ Ke4 110. Re1+ Kd4 111. d8=Q+ Rxd8 112. Kxd8 f4 113. Ke7 f3 114. Ke6 f2
115. Rh1 d2 116. Rh4+ Ke3 0-1

[Event "Russian Championship B13 2016"]
[Site "Loo"]
[Date "2016.04.24"]
[Round "5.14"]
[White "Sabirov, Timur"]
[Black "Grachev, Alexey"]
[Result "0-1"]
[WhiteElo "1781"]
[BlackElo "1990"]
[PlyCount "112"]
[EventDate "2016.04.20"]

1. e4 c5 2. Nf3 Nc6 3. d4 cxd4 4. Nxd4 g6 5. c4 Nf6 6. Nc3 d6 7. Be2 Nxd4 8.
Qxd4 Bg7 9. Be3 O-O 10. Qd2 a5 11. O-O a4 12. Rad1 Qa5 13. Nd5 Nxd5 14. cxd5
Qxd2 15. Rxd2 f5 16. f3 fxe4 17. fxe4 Rxf1+ 18. Kxf1 Be5 19. g3 Bh3+ 20. Kg1
Rc8 21. Bd4 Bxd4+ 22. Rxd4 Rc2 23. Bf3 a3 24. bxa3 Rxa2 25. Rd3 Ra1+ 26. Kf2
Ra2+ 27. Kg1 g5 28. g4 h5 29. gxh5 Kh8 30. e5 dxe5 31. h6 g4 32. Be4 Re2 33. d6
exd6 34. Bxb7 e4 35. Rxd6 Rg2+ 36. Kh1 Rf2 37. Rd8+ Kh7 38. Bxe4+ Kxh6 39. Rd1
Ra2 40. Bc6 Rxa3 41. Bb7 Ra2 42. Rg1 Kh5 43. Bg2 Kh4 44. Bb7 Rf2 45. Bc6 Bf1
46. Bb7 Bc4 47. Bc6 Rc2 48. Be4 Rb2 49. Bc6 Rb6 50. Be4 Rb2 51. Bc6 Ba6 52. Bd5
Kh3 53. Bg2+ Rxg2 54. Rxg2 Bb7 55. Kg1 Bxg2 56. Kf2 Kxh2 0-1

[Event "Russian Championship B13 2016"]
[Site "Loo"]
[Date "2016.04.24"]
[Round "5.15"]
[White "Goren, Aleksandr"]
[Black "Don, Aleksandr"]
[Result "1/2-1/2"]
[WhiteElo "1777"]
[BlackElo "1933"]
[PlyCount "110"]
[EventDate "2016.04.20"]

1. e4 c5 2. Nf3 a6 3. d4 cxd4 4. Nxd4 e5 5. Nf3 Nf6 6. Nc3 Nc6 7. Bd3 Bb4 8.
Bd2 O-O 9. O-O d6 10. a3 Bxc3 11. Bxc3 b5 12. h3 Bb7 13. b4 Rc8 14. Bb2 Qb6 15.
Re1 Ne7 16. Qe2 Ng6 17. Bc1 Rfe8 18. Be3 Qc7 19. Nd2 d5 20. Bg5 dxe4 21. Nxe4
Nxe4 22. Bxe4 Bxe4 23. Qxe4 Qxc2 24. Qxc2 Rxc2 25. Be3 f6 26. Rec1 Rec8 27. Bc5
Rxc1+ 28. Rxc1 Nf4 29. Rd1 a5 30. Be3 Ne2+ 31. Kf1 Nc3 32. Rc1 axb4 33. axb4
Rc4 34. Bc5 Kf7 35. f3 Ke6 36. Ke1 Kd5 37. Kd2 Na4 38. Rxc4 Kxc4 39. Bf8 g6 40.
Bg7 f5 41. Bxe5 Kxb4 42. g4 Kb3 43. h4 fxg4 44. fxg4 b4 45. h5 gxh5 46. gxh5
Nb6 47. Kd3 Nd5 48. Kd4 Nc3 49. Kd3 Na4 50. Kd2 Nc5 51. Bd4 Ne4+ 52. Ke3 Ng3
53. Kf3 Nf5 54. Be5 Kc2 55. Ke4 Ne7 {далее запись неразбор~~ива} 1/2-1/2

[Event "Russian Championship B13 2016"]
[Site "Loo"]
[Date "2016.04.24"]
[Round "5.16"]
[White "Poznyak, Nazar"]
[Black "Polyanskiy, Vladislav"]
[Result "1-0"]
[WhiteElo "1762"]
[BlackElo "1873"]
[PlyCount "83"]
[EventDate "2016.04.20"]

1. e4 e6 2. d3 d5 3. Nd2 Nf6 4. Ngf3 c5 5. g3 Nc6 6. Bg2 Qc7 7. O-O h6 8. Re1
Be7 9. Qe2 b6 10. e5 Nd7 11. Nf1 Bb7 12. h3 b5 13. h4 Nb6 14. Bf4 O-O-O 15. c3
c4 16. dxc4 dxc4 17. b3 Nd5 18. bxc4 Nxc3 19. Qc2 b4 20. a3 a5 21. axb4 axb4
22. Bd2 Bc5 23. Bxc3 bxc3 24. Reb1 Nb4 25. Qxc3 Rd3 26. Qc1 Rxf3 27. Bxf3 Bxf3
28. Qc3 Qb7 29. Ne3 Bh1 30. Kh2 Bxe3 31. Rxh1 Bc5 32. Ra5 Qc6 33. Rb1 Na6 34.
Qb3 Nc7 35. Qb8+ Kd7 36. Rd1+ Ke7 37. Qxh8 Ne8 38. Qh7 Qf3 39. Qd3 Qxf2+ 40.
Kh3 g5 41. Rf1 Qb2 42. Rxc5 1-0

[Event "Russian Championship B13 2016"]
[Site "Loo"]
[Date "2016.04.24"]
[Round "5.17"]
[White "Kulik, Artur"]
[Black "Privalov, Igor"]
[Result "1-0"]
[WhiteElo "1739"]
[BlackElo "1864"]
[PlyCount "103"]
[EventDate "2016.04.20"]

1. d4 Nf6 2. Nf3 g6 3. c4 Bg7 4. g3 d6 5. Bg2 O-O 6. O-O Nbd7 7. Nc3 a6 8. Re1
e5 9. e4 Re8 10. d5 Rb8 11. h3 b5 12. cxb5 axb5 13. a3 b4 14. Na2 bxa3 15. bxa3
Nc5 16. Nb4 Bd7 17. Bg5 Qc8 18. Bxf6 Bxf6 19. Kh2 Ba4 20. Qe2 Qd7 21. Nd2 Bg5
22. Nd3 Bb5 23. Nxc5 dxc5 24. Nc4 Ba6 25. Qc2 Qb5 26. Bf1 Qb3 27. Qxb3 Rxb3 28.
Na5 Rb6 29. Nc6 Bxf1 30. Rxf1 Rb2 31. Rab1 Re2 32. Rb7 c4 33. Rxc7 c3 34. Nb4
Bd2 35. d6 Rxe4 36. d7 Rf8 37. Nc6 Bg5 38. h4 Bf6 39. Rc1 Re2 40. Rxc3 Rxf2+
41. Kh3 Rd2 42. a4 h5 43. a5 e4 44. Re3 Bd8 45. Rb7 f5 46. Nxd8 Rxd8 47. a6
R2xd7 48. Rxd7 Rxd7 49. Rb3 Ra7 50. Rb8+ Kg7 51. Rb7+ Kf6 52. Rxa7 1-0

[Event "Russian Championship B13 2016"]
[Site "Loo"]
[Date "2016.04.24"]
[Round "5.18"]
[White "Esipenko, Aleksandr"]
[Black "Radochin, Oleg"]
[Result "1-0"]
[WhiteElo "1846"]
[BlackElo "1729"]
[PlyCount "97"]
[EventDate "2016.04.20"]

1. e4 c5 2. Nc3 Nc6 3. g3 g6 4. Bg2 Bg7 5. d3 d6 6. f4 e6 7. Nf3 Nge7 8. O-O
O-O 9. g4 f5 10. h3 Rb8 11. Ne2 b5 12. Ng3 Qc7 13. Rb1 Bd7 14. Be3 b4 15. Qd2
a5 16. gxf5 exf5 17. h4 Nd4 18. h5 Rbe8 19. hxg6 hxg6 20. Ng5 fxe4 21. dxe4 Ne6
22. Nf3 Rd8 23. Nh4 Nd4 24. c3 bxc3 25. bxc3 Nb5 26. Rbc1 Bf6 27. Nf3 Na7 28.
f5 gxf5 29. Bg5 Nac6 30. Nh5 Be5 31. Nxe5 dxe5 32. Bh6 f4 33. Bxf8 Kxf8 34. Qf2
Ng6 35. Qxc5+ Kf7 36. Rcd1 Qa7 37. Qxa7 Nxa7 38. Rd6 Nh4 39. Rfd1 Ke7 40. Nf6
Nxg2 41. Rxd7+ Rxd7 42. Rxd7+ Kxf6 43. Rxa7 Ne3 44. Rxa5 Nc4 45. Rb5 Nd2 46.
Rb4 Kg5 47. a4 f3 48. a5 Kf4 49. Kf2 1-0

[Event "Russian Championship B13 2016"]
[Site "Loo"]
[Date "2016.04.24"]
[Round "5.19"]
[White "Grankin, Alexey"]
[Black "Rubtsov, Aleksandr"]
[Result "1/2-1/2"]
[WhiteElo "1734"]
[BlackElo "1834"]
[PlyCount "105"]
[EventDate "2016.04.20"]

1. e4 c5 2. Nf3 d6 3. d4 cxd4 4. Nxd4 Nf6 5. Nc3 a6 6. f3 e6 7. Be3 b5 8. Be2
Bb7 9. Qd2 Nbd7 10. O-O Be7 11. Rad1 Rc8 12. a4 bxa4 13. Nxa4 d5 14. exd5 Nxd5
15. Bf2 O-O 16. c4 Bb4 17. Qd3 Nf4 18. Qb3 a5 19. Qe3 Nxe2+ 20. Qxe2 Qe7 21.
Nb5 Nc5 22. Nb6 Rcd8 23. Kh1 Rxd1 24. Rxd1 Rd8 25. Nd5 Bxd5 26. Rxd5 Rxd5 27.
cxd5 Qd7 28. Bxc5 Bxc5 29. dxe6 Qxe6 30. Qxe6 fxe6 31. g4 Kf7 32. Kg2 Ke7 33.
Kf1 Kd7 34. Ke2 Kc6 35. Nc3 Bd4 36. Kd3 Be5 37. h4 Bxc3 38. Kxc3 Kc5 39. f4 Kd5
40. Kd3 g6 41. b3 e5 42. f5 gxf5 43. gxf5 e4+ 44. Ke3 Ke5 45. f6 Kxf6 46. Kxe4
Kg6 47. Kf4 Kh5 48. Kg3 h6 49. Kh3 Kg6 50. Kg4 h5+ 51. Kf4 Kf6 52. Ke4 Ke6 53.
Kf4 1/2-1/2